000 00326nam a22001337a 4500
008 171020b xxu||||| |||| 00| 0 eng d
020 _a9780314473608
041 _aeng
080 _a338
100 _a54
101 _aMEN
245 _aMANAGEMENT SCIENCE CONCEPTS, INSIGHTS, AND APPLICATIONS
_cOBERSTONE,J
942 _2udc
_cBK
999 _c35248
_d35248